000 00959nam a22002537a 4500
999 _c5624
_d5624
003 OSt
005 20251010114403.0
008 251010b ||||| |||| 00| 0 eng d
020 _a9781409591528
_qbook set
040 _cKH8
082 _aFIC DAV
100 _aDavidson, Susanna,
_eauthor.
245 _aThe Musicians of Bremen /
_cretold by Susanna Davidson ; illustrated by Mike and Carl Gordon .
260 _aEngland ;
_bUsborne Publishing Ltd ,
_c2007.
300 _a48 pages :
_bcolor illustrations ;
_c20 cm.
490 _aUsborne First Reading
_vlevel three
520 _aLife on the farm is getting too dangerous. So a donkey, a dog, a cat and a rooster leave to join a band. The trouble is, the band they meet is rascally band of robbers.
650 _aEasy reading
_vfiction
650 _aStory book
_vfiction
700 _aGordon, Carl,
_eillustrator.
700 _aMike,
_eillustrator.
830 _aUsborne First Reading
942 _2ddc
_cFIC